00691nam a2200241 a 4500001001300000003000900013005001700022008004100039020000800080082001600088100001600104245004400120260004000164300000800204500003500212505002000247650002600267700001600293902000800309942000700317952011200324999001300436nice12345678IN_TiNIC20260116011341.0050524s1958 laha grp 000 0 eng  ac000a954.91bPAR aParwez, S A aFundamentals of an Islamic Constitution aLahorebIdara-E-Tuloo-E-Islamc1958 a45p aincludes index and biblioraphy2 aEpilogue, Notes aPakistan-Constitution1 aParwez, S A bSRS cBK 001040708StackRoom-aHMIbHMId2005-05-24g0.00l0o954.91 PARp03192r2005-05-24v0.00w2005-05-24yBK c758d758